[Event "4NCL Division Four"]
[Site "Daventry, ENG"]
[Date "2023.02.05"]
[Round "6.85"]
[White "Horwood, Alexander"]
[Black "Brown, Stephanie"]
[Result "0-1"]
[WhiteElo "1239"]
[BlackElo "1377"]
[PlyCount "104"]
[EventDate "2023.02.05"]
[WhiteTeam "Cambridge University Y1"]
[BlackTeam "She Plays To Win Uni"]

1. e4 e6 2. d4 d5 3. Nd2 Nf6 4. e5 Nfd7 5. Bd3 c5 6. c3 Nc6 7. Ne2 cxd4 8. cxd4
f6 9. f4 Be7 10. O-O O-O 11. Qc2 f5 12. g4 Qb6 13. Kh1 Nxd4 14. Nxd4 Qxd4 15.
gxf5 Nc5 16. Be2 Rxf5 17. Nf3 Qe4 18. Qd1 a5 19. Rg1 g6 20. Rg2 Bd7 21. Nd4 Rf7
22. Bf3 Qd3 23. Qg1 Rg7 24. f5 exf5 25. Bxd5+ Kh8 26. Bh6 Rf8 27. Bxg7+ Kxg7
28. Rd1 Qh3 29. a3 f4 30. b4 axb4 31. axb4 Nd3 32. e6 Bc8 33. Nf3 Nxb4 34. Qd4+
Rf6 35. Ng5 Qh4 36. Ne4 Nxd5 37. Qxd5 Bxe6 38. Qd4 f3 39. Rf2 Bf5 40. Nxf6 Bxf6
41. Qxh4 Bxh4 42. Rb2 f2 43. Rxb7+ Kh6 44. Kg2 Be4+ 45. Kf1 Bxb7 46. Rd4 g5 47.
Rd6+ Kh5 48. h3 Bg3 49. Rb6 Bd5 50. Rb4 h6 51. Rd4 Be6 52. Kg2 Bxh3+ 0-1

[Event "4NCL Division Four"]
[Site "Daventry, ENG"]
[Date "2023.02.05"]
[Round "6.86"]
[White "Nguyen, Thu-Nga"]
[Black "Laza, Andrei"]
[Result "1/2-1/2"]
[WhiteElo "1300"]
[BlackElo "1223"]
[PlyCount "117"]
[EventDate "2023.02.05"]
[WhiteTeam "She Plays To Win Uni"]
[BlackTeam "Cambridge University Y1"]

1. d4 b6 2. Nf3 Bb7 3. Nc3 e6 4. e3 Nf6 5. Bd3 g6 6. b3 Bg7 7. Bb2 d6 8. e4
Nbd7 9. Qe2 O-O 10. Ba6 Bxa6 11. Qxa6 c5 12. d5 exd5 13. Nxd5 Nxe4 14. Bxg7
Kxg7 15. O-O Ndf6 16. Nxf6 Nxf6 17. Rad1 d5 18. Qa3 Qc7 19. Qb2 Rad8 20. Qc3
Rd7 21. Qe5 Qxe5 22. Nxe5 Rd6 23. Nc4 Re6 24. Na3 a6 25. f3 Rfe8 26. Rd2 Re2
27. Rxe2 Rxe2 28. Rf2 Rxf2 29. Kxf2 b5 30. c4 bxc4 31. bxc4 d4 32. Ke2 Nd7 33.
Kd3 f5 34. f4 Nb6 35. Nc2 Kf6 36. Ne1 g5 37. g3 g4 38. Nc2 Na4 39. Na1 Ke6 40.
Nb3 Kd6 41. Nd2 Nc3 42. a3 Kc6 43. Nb3 Kb6 44. Nd2 a5 45. Kc2 Kc6 46. Kd3 a4
47. Kc2 Kd6 48. Kd3 Ke6 49. Kc2 Ne4 50. Kd3 Nf2+ 51. Ke2 Ne4 52. Kd3 Nxd2 53.
Kxd2 Kf6 54. Ke2 Kg6 55. Kd2 h5 56. Ke2 h4 57. Kd2 Kf6 58. Ke2 hxg3 59. hxg3
1/2-1/2

[Event "4NCL Division Four"]
[Site "Daventry, ENG"]
[Date "2023.02.05"]
[Round "6.91"]
[White "Hilton, Tim"]
[Black "Rosenbach, Martin"]
[Result "1-0"]
[WhiteElo "2006"]
[BlackElo "1914"]
[PlyCount "95"]
[EventDate "2023.02.05"]
[WhiteTeam "Average Wood Pushers B"]
[BlackTeam "Iceni 2"]

1. e4 e6 2. d4 d5 3. e5 c5 4. c3 Qb6 5. Nf3 Nc6 6. Bd3 cxd4 7. O-O dxc3 8. Nxc3
Nge7 9. Re1 Ng6 10. h4 Be7 11. g3 h6 12. h5 Nf8 13. a3 Nh7 14. b4 Ng5 15. Nxg5
hxg5 16. b5 Nxe5 17. Nxd5 exd5 18. Rxe5 Be6 19. Bxg5 f6 20. Bg6+ Bf7 21. Bxf7+
Kxf7 22. Qxd5+ Kf8 23. Re6 Rd8 24. Qe4 Qd4 25. Qxd4 Rxd4 26. Be3 Ra4 27. Re1
Rxh5 28. Bxa7 Bxa3 29. b6 Rd4 30. Bb8 Rhd5 31. Re8+ Kf7 32. Rc8 Rd7 33. Bc7 Bd6
34. Rc1 Bxc7 35. R1xc7 Ke7 36. Rg8 R4d6 37. Rxg7+ Ke6 38. Rgxd7 Rxd7 39. Rxd7
Kxd7 40. g4 Kc6 41. f4 Kd5 42. Kg2 Ke4 43. Kg3 Kd5 44. Kf3 Kd4 45. g5 fxg5 46.
fxg5 Ke5 47. Kg4 Ke6 48. Kf4 1-0

[Event "4NCL Division Four"]
[Site "Daventry, ENG"]
[Date "2023.02.05"]
[Round "6.92"]
[White "Reynolds, D Ian W"]
[Black "Scoular, Adam"]
[Result "1/2-1/2"]
[WhiteElo "1958"]
[BlackElo "2012"]
[PlyCount "70"]
[EventDate "2023.02.05"]
[WhiteTeam "Iceni 2"]
[BlackTeam "Average Wood Pushers B"]

1. e4 c6 2. d4 d5 3. Nc3 a6 4. Nf3 Bg4 5. h3 Bh5 6. Be2 e6 7. Be3 Nf6 8. exd5
cxd5 9. a3 Nc6 10. O-O Be7 11. Re1 O-O 12. Qd2 Rc8 13. Rad1 Na5 14. Ne5 Bxe2
15. Rxe2 Qb6 16. Bg5 Nc4 17. Nxc4 Rxc4 18. b3 Rc6 19. Bxf6 Bxf6 20. Na4 Qc7 21.
c3 b6 22. Qd3 Rb8 23. Re3 Be7 24. b4 Bd6 25. Rde1 Qd7 26. Qc2 Be7 27. Qb3 Rc7
28. g3 Bg5 29. Rd3 Qd8 30. Kg2 Rc4 31. f4 Bh6 32. h4 Qf6 33. Qd1 Qg6 34. Qf3
Rcc8 35. Red1 Qf5 1/2-1/2

[Event "4NCL Division Four"]
[Site "Daventry, ENG"]
[Date "2023.02.05"]
[Round "6.93"]
[White "Doherty, Paul"]
[Black "Feavyour, John A"]
[Result "1-0"]
[WhiteElo "1778"]
[BlackElo "1844"]
[PlyCount "103"]
[EventDate "2023.02.05"]
[WhiteTeam "Average Wood Pushers B"]
[BlackTeam "Iceni 2"]

1. d4 Nf6 2. c4 g6 3. Nc3 Bg7 4. Nf3 O-O 5. Bg5 d6 6. e3 c5 7. d5 a6 8. Qc2 Bg4
9. Nd2 Bd7 10. Be2 Qe8 11. O-O b5 12. Rad1 bxc4 13. Nxc4 Bb5 14. b3 Nbd7 15. f4
Bxc4 16. bxc4 Qd8 17. Bd3 Ng4 18. f5 h6 19. h3 Nge5 20. Bh4 g5 21. Bg3 Qa5 22.
Ne4 Rab8 23. Be1 Qa3 24. Bc3 Rb6 25. Ng3 Qxc3 26. Qxc3 Nf3+ 27. Rxf3 Bxc3 28.
Rff1 Rb2 29. Ne4 Bg7 30. Rb1 Rfb8 31. Rxb2 Rxb2 32. Rf2 Rb4 33. Rc2 Ne5 34. Be2
a5 35. Nd2 Nd7 36. Kf2 Be5 37. Nf3 Bf6 38. Nd2 Ne5 39. g4 Kf8 40. Ne4 Bg7 41.
Kg3 Bf6 42. Nd2 Nd7 43. Nf3 Ne5 44. Nd2 Ke8 45. Nf3 Kd7 46. Nxe5+ Bxe5+ 47. Kf3
Rb1 48. Kg2 a4 49. Bd3 Rd1 50. Bf1 a3 51. Be2 Bb2 52. Bxd1 1-0

[Event "4NCL Division Four"]
[Site "Daventry, ENG"]
[Date "2023.02.05"]
[Round "6.94"]
[White "Downham, Alan F"]
[Black "Mitchell, Ian"]
[Result "0-1"]
[WhiteElo "1903"]
[BlackElo "1598"]
[PlyCount "74"]
[EventDate "2023.02.05"]
[WhiteTeam "Iceni 2"]
[BlackTeam "Average Wood Pushers B"]

1. c4 Nf6 2. g3 g6 3. Bg2 Bg7 4. Nc3 e6 5. e4 d6 6. Nge2 e5 7. O-O O-O 8. d3
Be6 9. h3 Qc8 10. Kh2 Nc6 11. Be3 a6 12. Qd2 Ne8 13. Rac1 f5 14. exf5 Bxf5 15.
Nd5 Nf6 16. b4 Nxd5 17. Bxd5+ Kh8 18. g4 Bd7 19. a3 Ne7 20. Bg2 Bc6 21. Bxc6
Nxc6 22. d4 exd4 23. Nxd4 Ne5 24. f4 Nc6 25. Nf3 Qd7 26. Qd5 Qf7 27. Ng5 Qf6
28. Rce1 Rae8 29. Qd2 Qb2 30. Rf2 Qxd2 31. Rxd2 Bc3 32. Ree2 Bxd2 33. Rxd2 Kg8
34. Kg3 Nd4 35. Kf2 Nc2 36. Re2 Nxe3 37. Rxe3 Rxf4+ 0-1

[Event "4NCL Division Four"]
[Site "Daventry, ENG"]
[Date "2023.02.05"]
[Round "6.95"]
[White "Burgess, Dan"]
[Black "Usher, Michael E"]
[Result "1/2-1/2"]
[WhiteElo "1517"]
[BlackElo "1784"]
[PlyCount "60"]
[EventDate "2023.02.05"]
[WhiteTeam "Average Wood Pushers B"]
[BlackTeam "Iceni 2"]

1. d4 e6 2. Nf3 f5 3. Bg5 Nf6 4. Nc3 Be7 5. h3 b6 6. Bxf6 Bxf6 7. e4 Bb7 8. Bd3
g6 9. Qd2 Nc6 10. e5 Bg7 11. O-O-O Qe7 12. a3 O-O-O 13. Qe2 Kb8 14. Ba6 Ba8 15.
Rhe1 Rhe8 16. Rd3 Qf8 17. Nd2 g5 18. g3 Ne7 19. f4 gxf4 20. gxf4 Ng6 21. Qf2
Qf7 22. Ne2 Ne7 23. c4 Rg8 24. Rg1 Bh6 25. Rdg3 Rxg3 26. Rxg3 Rg8 27. c5 Nd5
28. Qg1 Rxg3 29. Qxg3 Qg7 30. Qh4 Qf8 1/2-1/2

[Event "4NCL Division Four"]
[Site "Daventry, ENG"]
[Date "2023.02.05"]
[Round "6.96"]
[White "Gaffney, Samuel"]
[Black "Altoft, Harry"]
[Result "1/2-1/2"]
[WhiteElo "1821"]
[BlackElo "1479"]
[PlyCount "81"]
[EventDate "2023.02.05"]
[WhiteTeam "Iceni 2"]
[BlackTeam "Average Wood Pushers B"]

1. d4 d5 2. c4 c6 3. Nf3 Nf6 4. Nc3 dxc4 5. a4 Bg4 6. Ne5 Bh5 7. g3 e6 8. Bg2
Bb4 9. Nxc4 Nd5 10. Qd3 Nd7 11. O-O O-O 12. e4 N5b6 13. Ne3 Ne5 14. Qd2 Nf3+
15. Bxf3 Bxf3 16. Qd3 Qd7 17. Nc2 Bxc3 18. bxc3 Bh5 19. a5 Nc8 20. Ba3 Rd8 21.
e5 Ne7 22. Ne3 Nd5 23. Nc4 Bg6 24. Qd2 f6 25. f4 Rac8 26. Nd6 Rc7 27. c4 Ne7
28. Bc5 Ra8 29. Qb4 Nc8 30. Nxc8 Rcxc8 31. Bd6 Bd3 32. Rf3 Bg6 33. Rb3 b5 34.
axb6 axb6 35. Rba3 Rxa3 36. Rxa3 Qb7 37. Rb3 b5 38. Ra3 Ra8 39. Kf2 Rxa3 40.
Qxa3 bxc4 41. Bb4 1/2-1/2

[Event "4NCL Division Four"]
[Site "Daventry, ENG"]
[Date "2023.02.05"]
[Round "6.101"]
[White "Mehta, Sophie"]
[Black "Jones, Robert L"]
[Result "0-1"]
[WhiteElo "1461"]
[BlackElo "1679"]
[PlyCount "62"]
[EventDate "2023.02.05"]
[WhiteTeam "She Plays to Win Young Stars"]
[BlackTeam "Iceni 3"]

1. d4 Nf6 2. Bf4 g6 3. e3 Bg7 4. Nf3 d6 5. Nbd2 O-O 6. c3 Nc6 7. Be2 Nd7 8. O-O
e5 9. Bg3 a6 10. a4 Kh8 11. dxe5 dxe5 12. Ne4 h6 13. Nh4 Kh7 14. f4 f5 15. Nf2
e4 16. Bc4 Qe8 17. Be2 Qe6 18. b3 Na5 19. b4 Nc6 20. b5 axb5 21. axb5 Rxa1 22.
Qxa1 Ne7 23. Nh3 Qf6 24. Be1 Nd5 25. g4 fxg4 26. Bxg4 Nxe3 27. Bxd7 Bxd7 28.
Rf2 Bxh3 29. Qa7 Ng4 30. Re2 Qxf4 31. Bf2 Qxh2# 0-1

[Event "4NCL Division Four"]
[Site "Daventry, ENG"]
[Date "2023.02.05"]
[Round "6.102"]
[White "Carter, Dominic A"]
[Black "Belur, Ankita"]
[Result "1/2-1/2"]
[WhiteElo "1659"]
[BlackElo "1411"]
[PlyCount "91"]
[EventDate "2023.02.05"]
[WhiteTeam "Iceni 3"]
[BlackTeam "She Plays to Win Young Stars"]

1. Nf3 d6 2. b3 g6 3. Bb2 Nf6 4. e4 Bg7 5. Bc4 O-O 6. Qe2 c6 7. e5 Re8 8. d4 b5
9. Bd3 Nd5 10. Bc1 Bg4 11. h3 Bxf3 12. gxf3 dxe5 13. dxe5 Nd7 14. f4 Nc5 15.
Bd2 Qc7 16. Nc3 Nb4 17. O-O-O a5 18. Kb1 a4 19. Nxb5 cxb5 20. Bxb4 axb3 21.
cxb3 Nxd3 22. Rxd3 f6 23. Rc1 Qb7 24. Rcd1 fxe5 25. fxe5 Qc7 26. f4 Rad8 27.
Rc1 Qb7 28. Rdc3 Bh6 29. Rc7 Qd5 30. R7c5 Qf7 31. Rf1 Qf5+ 32. Qc2 Qxh3 33. Qe2
Qf5+ 34. Qc2 Qxc2+ 35. Kxc2 Rd4 36. Rxb5 Rxf4 37. Rxf4 Bxf4 38. e6 h5 39. Rd5
h4 40. Rd3 g5 41. Rf3 Rc8+ 42. Kd3 Rc6 43. Bxe7 Rxe6 44. Bc5 Rh6 45. Be3 Rf6
46. b4 1/2-1/2

[Event "4NCL Division Four"]
[Site "Daventry, ENG"]
[Date "2023.02.05"]
[Round "6.103"]
[White "Sengupta, Sohana"]
[Black "Kent, Rowan"]
[Result "1/2-1/2"]
[WhiteElo "1455"]
[BlackElo "1582"]
[PlyCount "98"]
[EventDate "2023.02.05"]
[WhiteTeam "She Plays to Win Young Stars"]
[BlackTeam "Iceni 3"]

1. e4 e5 2. Nf3 Nc6 3. d4 exd4 4. Nxd4 Bc5 5. Be3 Qf6 6. c3 Nge7 7. Bc4 O-O 8.
O-O Bb6 9. Qd2 Ne5 10. Bb3 Qg6 11. f3 a6 12. Nc2 Bxe3+ 13. Qxe3 d6 14. Qe2 Bd7
15. Ne3 Bb5 16. c4 Bd7 17. Nc3 Kh8 18. Bd1 f5 19. exf5 Nxf5 20. Bc2 Qe8 21.
Nxf5 Bxf5 22. b3 Qg6 23. Bxf5 Rxf5 24. Qe4 Nc6 25. Rfe1 Raf8 26. Nd5 Qf7 27.
Qe6 Ne5 28. Qxf7 R5xf7 29. Rad1 g5 30. h3 h6 31. c5 Rc8 32. Rd2 Nc6 33. cxd6
cxd6 34. Nb6 Rd8 35. Re6 Kg7 36. Rdxd6 Rxd6 37. Rxd6 Ne5 38. Rd5 Re7 39. Rd4
Rf7 40. Nc4 Nc6 41. Rd2 Kf8 42. Rd6 Kg7 43. Rd2 Kf8 44. Kf2 Re7 45. Rd6 Kg7 46.
a3 Kh7 47. b4 Rc7 48. Ne3 Ne5 49. Rd5 Ng6 1/2-1/2

[Event "4NCL Division Four"]
[Site "Daventry, ENG"]
[Date "2023.02.05"]
[Round "6.104"]
[White "Ryan, John"]
[Black "Ashton, Alannah"]
[Result "0-1"]
[WhiteElo "1525"]
[BlackElo "1330"]
[PlyCount "68"]
[EventDate "2023.02.05"]
[WhiteTeam "Iceni 3"]
[BlackTeam "She Plays to Win Young Stars"]

1. d4 Nf6 2. Bf4 d5 3. Nf3 e6 4. e3 Bd6 5. Bg5 O-O 6. Be2 Nbd7 7. O-O h6 8. Bh4
c5 9. Nbd2 Qc7 10. h3 Ne4 11. Nxe4 dxe4 12. Nd2 g5 13. Bxg5 hxg5 14. Nxe4 g4
15. hxg4 Bh2+ 16. Kh1 Kg7 17. Ng5 Rh8 18. Nh3 Nf6 19. dxc5 Bd7 20. Bf3 Bb5 21.
Re1 Rad8 22. Qc1 Bc6 23. e4 Bf4 24. Qb1 Bd2 25. c4 Bxe1 26. Qxe1 Qf4 27. Qe3
Qxe3 28. fxe3 Bxe4 29. Kh2 Bxf3 30. gxf3 Rd2+ 31. Kg3 Rxb2 32. Nf4 Rhh2 33. a4
e5 34. Rg1 exf4+ 0-1

[Event "4NCL Division Four"]
[Site "Daventry, ENG"]
[Date "2023.02.05"]
[Round "6.105"]
[White "Zhao, Wenyi"]
[Black "Hartshorn, Harry"]
[Result "1-0"]
[WhiteElo "1353"]
[BlackElo "1468"]
[PlyCount "93"]
[EventDate "2023.02.05"]
[WhiteTeam "She Plays to Win Young Stars"]
[BlackTeam "Iceni 3"]

1. d4 Nf6 2. c4 g6 3. Nc3 Bg7 4. Nf3 O-O 5. Bg5 d6 6. e4 Nbd7 7. Be2 Re8 8. Bd3
e5 9. d5 b6 10. O-O Bb7 11. Qd2 a5 12. Bh6 Nc5 13. Bxg7 Kxg7 14. a3 Nxd3 15.
Qxd3 Bc8 16. h3 Nh5 17. Ne2 f5 18. b4 f4 19. c5 bxc5 20. bxc5 Ba6 21. Qd2 Nf6
22. Ng5 Qe7 23. cxd6 Qxd6 24. Rfc1 h6 25. Rc6 Qd7 26. Rac1 Rec8 27. Rxc7 Rxc7
28. Rxc7 hxg5 29. Rxd7+ Nxd7 30. Qxa5 Bb7 31. Qc7 Bc8 32. a4 Kh6 33. Nc3 Nf6
34. Qxe5 Nh7 35. d6 Bd7 36. Qd5 Rc8 37. Qb7 Rxc3 38. Qxd7 Nf6 39. Qe6 g4 40.
Qxf6 Rc6 41. Qxf4+ Kh7 42. d7 g3 43. d8=R g5 44. Qxg3 Rc4 45. Rd7+ Kg6 46. Qd6+
Kh5 47. Rh7# 1-0

[Event "4NCL Division Four"]
[Site "Daventry, ENG"]
[Date "2023.02.05"]
[Round "6.106"]
[White "Rosenbach, Philip"]
[Black "Tager, Maya"]
[Result "0-1"]
[WhiteElo "903"]
[BlackElo "1114"]
[PlyCount "48"]
[EventDate "2023.02.05"]
[WhiteTeam "Iceni 3"]
[BlackTeam "She Plays to Win Young Stars"]

{[%evp 0,48,19,31,31,48,41,22,58,21,16,39,26,20,90,66,81,-20,32,38,21,19,10,9,
10,9,-15,-4,20,20,79,-124,-96,-415,-433,-433,-437,-728,-447,-636,-650,-826,
-823,-909,-875,-884,-884,-954,-902,-29999,-30000]} 1. e4 e5 2. Nf3 Nc6 3. Bc4
h6 4. Nc3 Nf6 5. d4 exd4 6. Nxd4 Be7 7. O-O O-O 8. b3 d6 9. Be2 d5 10. exd5
Nxd5 11. Nxd5 Qxd5 12. Nxc6 Qxc6 13. Bb2 Bf6 14. Bf3 Qe6 15. Ba3 Rd8 16. Re1
Rxd1 17. Raxd1 Qa6 18. Bb2 Bf5 19. Be4 Bxe4 20. Rxe4 Bxb2 21. Rde1 Qc6 22. Rc4
Qd6 23. Rb1 a6 24. Rxb2 Qd1# 0-1

[Event "4NCL Division Four"]
[Site "Daventry, ENG"]
[Date "2023.02.05"]
[Round "6.111"]
[White "Myall, Ivan J"]
[Black "Finn, Thomas"]
[Result "1-0"]
[WhiteElo "1981"]
[BlackElo "1778"]
[PlyCount "63"]
[EventDate "2023.02.05"]
[WhiteTeam "Anglian Avengers 2"]
[BlackTeam "Sussex Martlets 3"]

1. d4 d5 2. Bf4 c5 3. e3 Nc6 4. Nc3 Bf5 5. a3 e6 6. Nf3 Nf6 7. h3 Be7 8. Be2
O-O 9. Ne5 cxd4 10. Nxc6 bxc6 11. exd4 c5 12. dxc5 Bxc5 13. O-O Rc8 14. Ba6 Rc6
15. Bb5 Rb6 16. Bd3 Bxd3 17. Qxd3 Bd6 18. Bxd6 Qxd6 19. Rab1 Nd7 20. f4 Rb7 21.
Kh1 Qe7 22. f5 Ne5 23. Qg3 f6 24. fxe6 Qxe6 25. b3 Qc6 26. Rbd1 Rd7 27. Rd2 Kh8
28. Qxe5 Rc8 29. Qf5 g6 30. Qg4 d4 31. Ne2 f5 32. Qf3 1-0

[Event "4NCL Division Four"]
[Site "Daventry, ENG"]
[Date "2023.02.05"]
[Round "6.112"]
[White "Hedger, Alec"]
[Black "Hampton, Christopher"]
[Result "0-1"]
[WhiteElo "1677"]
[BlackElo "1978"]
[PlyCount "67"]
[EventDate "2023.02.05"]
[WhiteTeam "Sussex Martlets 3"]
[BlackTeam "Anglian Avengers 2"]

1. e4 e6 2. d4 d5 3. exd5 exd5 4. c4 Bb4+ 5. Nc3 Nc6 6. Nf3 Nge7 7. Bd3 Bg4 8.
Be3 Qd7 9. O-O Bxc3 10. bxc3 O-O 11. h3 Bf5 12. cxd5 Nxd5 13. Qc2 Bxd3 14. Qxd3
Rfe8 15. a3 Rad8 16. c4 Nxe3 17. fxe3 Qe7 18. Rae1 Ne5 19. Qc3 Nxf3+ 20. Rxf3
Qd7 21. Ref1 f6 22. Rg3 Qd6 23. Rf4 Re7 24. d5 Rde8 25. c5 Qe5 26. Qd3 Rd8 27.
Kh2 Rxd5 28. Qb3 Kf8 29. Qxb7 Rxc5 30. Qa8+ Kf7 31. Rfg4 g5 32. Qh8 Kg6 33. h4
Re8 34. Rxg5+ 0-1

[Event "4NCL Division Four"]
[Site "Daventry, ENG"]
[Date "2023.02.05"]
[Round "6.113"]
[White "Abbott, Nathan J"]
[Black "Finn, Daniel"]
[Result "1-0"]
[WhiteElo "1952"]
[BlackElo "1682"]
[PlyCount "103"]
[EventDate "2023.02.05"]
[WhiteTeam "Anglian Avengers 2"]
[BlackTeam "Sussex Martlets 3"]

1. e4 e5 2. Nf3 Nc6 3. Bc4 Bc5 4. c3 d6 5. d4 exd4 6. cxd4 Bb4+ 7. Bd2 Bxd2+ 8.
Qxd2 Nf6 9. Nc3 O-O 10. d5 Ne5 11. Nxe5 dxe5 12. O-O Qd6 13. Rfe1 b6 14. Rac1
Bb7 15. Nb5 Qd7 16. Qc3 a6 17. Na3 Rfe8 18. Bb3 Rac8 19. Nc4 Qe7 20. Qf3 Qd7
21. h3 Ba8 22. Qc3 b5 23. Nxe5 Qd6 24. Nxf7 Qf4 25. g3 Nxe4 26. gxf4 Nxc3 27.
Rxe8+ Rxe8 28. Rxc3 Kxf7 29. Rxc7+ Kf6 30. Ra7 Kf5 31. Rxa6 Kxf4 32. Ra7 Rg8
33. Kf1 h6 34. d6 Rd8 35. d7 Ke5 36. Rc7 Kd6 37. Rc8 Kxd7 38. Rxd8+ Kxd8 39. h4
Ke7 40. Ke2 Kd6 41. Ke3 Ke5 42. Bc2 Bc6 43. f4+ Kd6 44. Kd4 Be8 45. b3 Ke6 46.
Kc5 Kf6 47. Bd3 Bd7 48. Bxb5 Bf5 49. a4 Bc2 50. a5 Kf5 51. a6 Kxf4 52. a7 1-0

[Event "4NCL Division Four"]
[Site "Daventry, ENG"]
[Date "2023.02.05"]
[Round "6.114"]
[White "Finn, Elizabeth"]
[Black "Slonczuk, Pawel"]
[Result "1-0"]
[WhiteElo "1669"]
[BlackElo "1684"]
[PlyCount "69"]
[EventDate "2023.02.05"]
[WhiteTeam "Sussex Martlets 3"]
[BlackTeam "Anglian Avengers 2"]

1. d4 d5 2. c4 e6 3. Nf3 Nf6 4. Bg5 Be7 5. e3 h6 6. Bxf6 Bxf6 7. Nc3 O-O 8. Bd3
dxc4 9. Bxc4 c5 10. Ne4 cxd4 11. Nxf6+ Qxf6 12. Qxd4 Qe7 13. O-O Nc6 14. Qc3
Bd7 15. Rfd1 Rfd8 16. Rac1 Rac8 17. Qe1 e5 18. a3 Bg4 19. Be2 Be6 20. Rc3 Rxd1
21. Qxd1 Bf5 22. h3 Rd8 23. Qc1 Kf8 24. b4 e4 25. Nd2 Qd7 26. Nb3 Ne5 27. Rc7
Qd5 28. Nd4 Bd7 29. Rc5 Qd6 30. Qc2 f5 31. Nb5 Qb8 32. Rc7 Bc6 33. Qc5+ Kg8 34.
Qxe5 Rd7 35. Qe6+ 1-0

[Event "4NCL Division Four"]
[Site "Daventry, ENG"]
[Date "2023.02.05"]
[Round "6.115"]
[White "Samarakoon, Vivash"]
[Black "Woods, Timothy J"]
[Result "1-0"]
[WhiteElo "1435"]
[BlackElo "1681"]
[PlyCount "83"]
[EventDate "2023.02.05"]
[WhiteTeam "Anglian Avengers 2"]
[BlackTeam "Sussex Martlets 3"]

1. e4 d6 2. d4 Nf6 3. Bd3 g6 4. c3 Bg7 5. Ne2 e5 6. f3 Nbd7 7. Be3 c6 8. Nd2
O-O 9. O-O d5 10. Kh1 Re8 11. Rb1 Qc7 12. Bg1 c5 13. Rc1 exd4 14. cxd4 c4 15.
exd5 cxd3 16. Rxc7 dxe2 17. Qb3 exf1=Q 18. Nxf1 Nb6 19. Ne3 Bh6 20. Nc4 Nbxd5
21. Nd6 Rf8 22. Rc2 b6 23. Nxc8 Raxc8 24. g3 Rfd8 25. f4 Bf8 26. a3 Bd6 27. Kg2
Rxc2+ 28. Qxc2 Bf8 29. Kf3 Rd7 30. Bf2 Rc7 31. Qd2 h5 32. h3 Bd6 33. f5 Kg7 34.
h4 Re7 35. fxg6 fxg6 36. Qg5 Ne4 37. Qxd5 Nxf2 38. Kxf2 Rf7+ 39. Kg2 Bf8 40.
Qe5+ Kh7 41. d5 Bg7 42. Qe6 1-0

[Event "4NCL Division Four"]
[Site "Daventry, ENG"]
[Date "2023.02.05"]
[Round "6.116"]
[White "Wannasin Bell, Charlie"]
[Black "Sharma, Rishan"]
[Result "1-0"]
[WhiteElo "1542"]
[BlackElo "1440"]
[PlyCount "23"]
[EventDate "2023.02.05"]
[WhiteTeam "Sussex Martlets 3"]
[BlackTeam "Anglian Avengers 2"]

1. e4 c5 2. Nf3 Nc6 3. d4 cxd4 4. Nxd4 e5 5. Nxc6 bxc6 6. Nc3 Nf6 7. Bg5 Bb4 8.
Qf3 Qa5 9. Bc4 O-O 10. O-O Nxe4 11. Nxe4 d5 12. Nf6+ 1-0

[Event "4NCL Division Four"]
[Site "Daventry, ENG"]
[Date "2023.02.05"]
[Round "6.121"]
[White "David, Barry A H"]
[Black "Joseph, Tomy"]
[Result "1-0"]
[WhiteElo "1703"]
[BlackElo "1584"]
[PlyCount "59"]
[EventDate "2023.02.05"]
[WhiteTeam "Deaf England"]
[BlackTeam "Watford B"]

1. e4 e5 2. Nf3 Nc6 3. Bc4 Be7 4. d4 exd4 5. Nxd4 d6 6. O-O Nf6 7. Nc3 O-O 8.
h3 Nxd4 9. Qxd4 Nd7 10. Nd5 Bh4 11. f4 c6 12. Nc3 Bf6 13. Qxd6 Qb6+ 14. Kh1 Rd8
15. Qa3 Nc5 16. Be3 Bd4 17. Bxd4 Rxd4 18. Na4 Nxa4 19. Qxa4 Qxb2 20. Rad1 Bxh3
21. Bxf7+ Kxf7 22. Rxd4 b5 23. Qb3+ Qxb3 24. axb3 Bg4 25. Rd6 c5 26. Rc6 c4 27.
bxc4 Be2 28. Ra1 Bxc4 29. Rc7+ Kf6 30. Ra6+ 1-0

[Event "4NCL Division Four"]
[Site "Daventry, ENG"]
[Date "2023.02.05"]
[Round "6.122"]
[White "Dairi, Ramsey"]
[Black "Ajimal, Jet"]
[Result "1-0"]
[WhiteElo "1499"]
[BlackElo "1655"]
[PlyCount "71"]
[EventDate "2023.02.05"]
[WhiteTeam "Watford B"]
[BlackTeam "Deaf England"]

1. e4 c5 2. Nf3 e6 3. d4 cxd4 4. Nxd4 Nf6 5. Nc3 Nc6 6. a3 Be7 7. Be3 a6 8. Be2
O-O 9. O-O d5 10. Bf3 dxe4 11. Nxe4 Ne5 12. Nxf6+ Bxf6 13. Be2 Qc7 14. c3 Rd8
15. Qb3 Bd7 16. f4 Nc6 17. Nxc6 Bxc6 18. Bb6 Qc8 19. Bxd8 Qxd8 20. Rad1 Qc7 21.
Bf3 Bxf3 22. Rxf3 g6 23. Rfd3 Rd8 24. Rxd8+ Bxd8 25. Qa4 Qc5+ 26. Qd4 Bb6 27.
Qxc5 Bxc5+ 28. Kf1 Kg7 29. Ke2 Kf6 30. b4 Be7 31. Rd7 b6 32. Ra7 Bd8 33. Rxa6
Kf5 34. Ra8 Bc7 35. g3 Kf6 36. Rc8 1-0

[Event "4NCL Division Four"]
[Site "Daventry, ENG"]
[Date "2023.02.05"]
[Round "6.123"]
[White "Gibson, Stephen"]
[Black "Tomy, Jake"]
[Result "1-0"]
[WhiteElo "1441"]
[BlackElo "1337"]
[PlyCount "27"]
[EventDate "2023.02.05"]
[WhiteTeam "Deaf England"]
[BlackTeam "Watford B"]

1. e4 e5 2. f4 Bc5 3. Nf3 d6 4. f5 Nf6 5. Nc3 Nc6 6. a3 O-O 7. Bc4 a6 8. d3 b5
9. Ba2 h6 10. h3 Bb7 11. g4 Nd4 12. g5 Nxf3+ 13. Qxf3 Nh7 14. h4 1-0

[Event "4NCL Division Four"]
[Site "Daventry, ENG"]
[Date "2023.02.05"]
[Round "6.124"]
[White "Tomy, Judith"]
[Black "Paull, James"]
[Result "0-1"]
[WhiteElo "1232"]
[BlackElo "1405"]
[PlyCount "52"]
[EventDate "2023.02.05"]
[WhiteTeam "Watford B"]
[BlackTeam "Deaf England"]

1. e4 c5 2. Nf3 Nc6 3. c3 e6 4. d4 a6 5. Bd3 h6 6. O-O b5 7. b3 Bb7 8. Bf4 Nf6
9. Nbd2 Qb6 10. e5 Nd5 11. Bg3 Nxc3 12. dxc5 Bxc5 13. Qc2 Nd5 14. Rac1 Ba3 15.
Rb1 Ncb4 16. Qd1 Nxd3 17. Ne4 N3b4 18. Nd6+ Ke7 19. Re1 Nc3 20. Qd2 Nxb1 21.
Rxb1 Bxf3 22. gxf3 Nd5 23. Qc2 g6 24. Qd3 Bxd6 25. exd6+ Kf8 26. Rc1 e5 0-1

[Event "4NCL Division Four"]
[Site "Daventry, ENG"]
[Date "2023.02.05"]
[Round "6.125"]
[White "Simmons, Michael W"]
[Black "Dairi, Mahmoud"]
[Result "1/2-1/2"]
[WhiteElo "1152"]
[BlackElo "1000"]
[PlyCount "31"]
[EventDate "2023.02.05"]
[WhiteTeam "Deaf England"]
[BlackTeam "Watford B"]

1. d4 f5 2. Nf3 e6 3. c3 Nf6 4. Bf4 Be7 5. h3 b6 6. e3 Bb7 7. Be2 O-O 8. O-O d6
9. Bc4 d5 10. Be2 Ne4 11. Nbd2 Nd7 12. Bb5 c6 13. Be2 Ndf6 14. Ne5 Nd7 15. Ndf3
Nxe5 16. Bxe5 1/2-1/2

[Event "4NCL Division Four"]
[Site "Daventry, ENG"]
[Date "2023.02.05"]
[Round "6.126"]
[White "Dairi, Daniella"]
[Black "Masterson, Desmond"]
[Result "0-1"]
[WhiteElo "700"]
[BlackElo "993"]
[PlyCount "32"]
[EventDate "2023.02.05"]
[WhiteTeam "Watford B"]
[BlackTeam "Deaf England"]

1. e4 e6 2. Nc3 d5 3. d3 c5 4. d4 cxd4 5. Bb5+ Bd7 6. Bxd7+ Qxd7 7. Qxd4 Nc6 8.
Qa4 Bb4 9. a3 Bxc3+ 10. bxc3 a6 11. Qb3 dxe4 12. Ne2 Nf6 13. O-O O-O 14. Bg5
Ng4 15. Rad1 Qc7 16. Rb1 Qxh2# 0-1

[Event "4NCL Division Four"]
[Site "Daventry, ENG"]
[Date "2023.02.05"]
[Round "6.131"]
[White "Woolf, Ben"]
[Black "Hardman, Daniel"]
[Result "1/2-1/2"]
[WhiteElo "1596"]
[BlackElo "1775"]
[PlyCount "75"]
[EventDate "2023.02.05"]
[WhiteTeam "War and Piece B"]
[BlackTeam "Ashfield 3"]

1. e4 e6 2. d4 d5 3. e5 c5 4. c3 Nc6 5. Bb5 Bd7 6. Bxc6 bxc6 7. Nf3 cxd4 8.
cxd4 c5 9. O-O cxd4 10. Nxd4 Bc5 11. Be3 Qb6 12. b3 Ne7 13. Nc3 O-O 14. Rc1
Rfc8 15. Nce2 Bxd4 16. Nxd4 Qb8 17. Rxc8+ Qxc8 18. Qc1 Qxc1 19. Rxc1 Rc8 20.
Rxc8+ Nxc8 21. a4 f6 22. f4 Kf7 23. Kf2 h5 24. h4 Ne7 25. g3 Kg6 26. a5 a6 27.
b4 Nf5 28. Kf3 Nxd4+ 29. Bxd4 Kf5 30. Ke3 fxe5 31. fxe5 Bb5 32. Bc3 g5 33. Kd4
Kg4 34. Be1 gxh4 35. gxh4 Kf3 36. Bd2 Ke2 37. Bg5 Kf3 38. Be7 1/2-1/2